<?xml version="1.0" encoding="UTF-8"?>
<record
    xmlns:xsi="http://www.w3.org/2001/XMLSchema-instance"
    xsi:schemaLocation="http://www.loc.gov/MARC21/slim http://www.loc.gov/standards/marcxml/schema/MARC21slim.xsd"
    xmlns="http://www.loc.gov/MARC21/slim">

  <leader>00472nam a2200145   4500</leader>
  <controlfield tag="008">708 S112g</controlfield>
  <datafield tag="020" ind1=" " ind2=" ">
    <subfield code="a">9789563455144</subfield>
  </datafield>
  <datafield tag="082" ind1=" " ind2=" ">
    <subfield code="a">708</subfield>
    <subfield code="b">S112g</subfield>
  </datafield>
  <datafield tag="100" ind1=" " ind2=" ">
    <subfield code="a">Saavedra, Ana Mar&#xED;a (editora)</subfield>
    <subfield code="9">6207</subfield>
  </datafield>
  <datafield tag="245" ind1=" " ind2=" ">
    <subfield code="a">Galer&#xED;a Metropolitana 2004-2010...</subfield>
  </datafield>
  <datafield tag="260" ind1=" " ind2=" ">
    <subfield code="a">Santiago de Chile</subfield>
    <subfield code="b">ANDROS Impresores</subfield>
    <subfield code="c">2011</subfield>
  </datafield>
  <datafield tag="300" ind1=" " ind2=" ">
    <subfield code="a">174 p.</subfield>
    <subfield code="b">ill</subfield>
    <subfield code="c">28 x 19.5 cm.</subfield>
  </datafield>
  <datafield tag="650" ind1=" " ind2=" ">
    <subfield code="x">arte contempor&#xE1;neo</subfield>
    <subfield code="x">exhibiciones</subfield>
    <subfield code="x">Galer&#xED;a Metropolitana</subfield>
    <subfield code="x">Chile</subfield>
    <subfield code="9">6208</subfield>
  </datafield>
  <datafield tag="700" ind1=" " ind2=" ">
    <subfield code="a">Alarc&#xF3;n, Luis (editor)</subfield>
    <subfield code="9">6209</subfield>
  </datafield>
  <datafield tag="999" ind1=" " ind2=" ">
    <subfield code="c">1410</subfield>
    <subfield code="d">1410</subfield>
  </datafield>
  <datafield tag="952" ind1=" " ind2=" ">
    <subfield code="0">0</subfield>
    <subfield code="1">0</subfield>
    <subfield code="2">ddc</subfield>
    <subfield code="4">0</subfield>
    <subfield code="7">0</subfield>
    <subfield code="a">LV</subfield>
    <subfield code="b">LV</subfield>
    <subfield code="c">Colectivas</subfield>
    <subfield code="d">2018-03-17</subfield>
    <subfield code="l">0</subfield>
    <subfield code="o">708 S112g</subfield>
    <subfield code="p">004541</subfield>
    <subfield code="r">2018-03-17 00:00:00</subfield>
    <subfield code="w">2018-03-17</subfield>
    <subfield code="y">01</subfield>
  </datafield>
</record>
